Normal view
MARC view
- الاسلام - الحديث الشريف
Entry Topical Term
001 - CONTROL NUMBER
- control field: 9011
003 - CONTROL NUMBER IDENTIFIER
- control field: JO-AjAnu
005 - DATE AND TIME OF LATEST TRANSACTION
- control field: 20230606071742.0
008 - FIXED-LENGTH DATA ELEMENTS
- fixed length control field: 230606|| aca||aabn | a|a d
040 ## - CATALOGING SOURCE
- Original cataloging agency: JO-AjAnu
- Transcribing agency: JO-AjAnu
150 ## - HEADING--TOPICAL TERM
- Topical term or geographic name entry element: الاسلام - الحديث الشريف
670 ## - SOURCE DATA FOUND
- Source citation: Work cat.: (JO-AjAnu)4649: العسقلاني، ابن حجر, author 9010, مختصر الترغيب والترهيب من الحديث الشريف